Statistics for Country Shapes Multiple Choice

Click here to take the quiz!

General Stats

  • This quiz has been taken 22 times
  • The average score is 13 of 14

Answer Stats

QuestionAnswer% Correct
Canada
100%
Germany
100%
Australia
100%
Bangladesh
100%
Iran
100%
Greece
95%
Austria
95%
Japan
95%
Pakistan
95%
Jordan
95%
Peru
90%
Tunisia
86%
South Korea
86%
Qatar
76%

Score Distribution

Percentile by Number Answered

Percent of People with Each Score

Your Score History

You have not taken this quiz